LEADER 01710nas 22004695 450 001 9910282229703321 005 20230329235355.0 011 $a2621-7120 035 $a(CKB)4100000005601567 035 $a(CONSER)--2018309557 035 $a(EXLCZ)994100000005601567 100 $a20180831a20169999 -a- - 101 0 $aeng 181 $ctxt$2rdacontent 182 $cc$2rdamedia 183 $acr$2rdacarrier 200 10$aAnalisa $ejournal of social science and religion 210 1$aSemarang, Central Java, Indonesa :$cOffice of Religious Research and Development Ministry of Religious Affairs Semarang,$d2016- 215 $a1 online resource 300 $aRefereed/Peer-reviewed 311 08$aPrint version: Analisa (Balai Penelitian dan Pengembangan Agama Semarang (Indonesia)) (DLC) 2018309557 (OCoLC)1050347734 2502-5465 517 3 $aJournal of social science and religion 517 1 $aJournal analisa 606 $aReligion and social problems$zIndonesia$vPeriodicals 606 $aMysticism$zIndonesia$vPeriodicals 606 $aMysticism$2fast$3(OCoLC)fst01031629 606 $aReligion$2fast$3(OCoLC)fst01093763 606 $aReligion and social problems$2fast$3(OCoLC)fst01093855 607 $aIndonesia$xReligion$vPeriodicals 607 $aIndonesia$2fast 608 $aPeriodicals.$2fast 615 0$aReligion and social problems 615 0$aMysticism 615 7$aMysticism. 615 7$aReligion. 615 7$aReligion and social problems. 712 02$aBalai Penelitian dan Pengembangan Agama Semarang (Indonesia), 906 $aJOURNAL 912 $a9910282229703321 920 $aexl_impl conversion 996 $aAnalisa$91321666 997 $aUNINA LEADER 02058nam1 22003611i 450 001 UON00063506 005 20231205102319.469 100 $a20020107g19651983 |0itac50 ba 101 $ajpn 102 $aJP 105 $a|||| 1|||| 200 1 $aChoki keizai tokei$fOkawa Kazushi, Shinohara Miyohei, Umemura Mataji henshu 210 $aTokyo$cToyo Keizai Shinposha$d1965-1983 215 $a14 v.$d26 cm. 463 1$1001UON00102849$12001 $aKokogyo$fShinohara Miyohei$1210 $aTokyo$cTokyo keizai shinposha$d[1972]$1215 $a278 p.$d27 cm$v10 463 1$1001UON00102852$12001 $aTetsudo to denryoku$fMinami Ryoshin$1210 $aTokyo$cTokyo keizai shinposha$d1965$1215 $aXXII, 252 p.$cill.$d27 cm$v12 463 1$1001UON00102860$12001 $aChiiki keizai tokei$fUmemura Mataji; Takamatsu Nobukiyo, Ito Shigeru$1210 $aTokyo$ctokyo keizai shinposha$d1983$1215 $aXV, 389 p.$d27 cm$v13 463 1$1001UON00102830$12001 $aShihon keisei$fEmi Koichi$1210 $aTokyo$cTokyo keizai shinposha$d[1971]$1215 $a394 p.$d27 cm$v4 463 1$1001UON00102835$12001 $aKojin shohi shishutsu$fShinohara Miyohei$1210 $aTokyo$cTokyo keizai shinposha$d[1967]$1215 $aXXII, 258 p.$cill.$d27 cm$v6 463 1$1001UON00103003$12001 $aZaisei shishutsu$fEmi Koichi, Shionoya Yuichi$1210 $aTokyo$cTokyo keizai shinposha$d1971$1215 $a283 p.$d27 cm$v7 463 1$1001UON00102841$12001 $aBukka$fOkawa Kazushi$1210 $aTokyo$cTokyo keizai shinposha$d[1967]$1215 $aXX, 265 p.$cill.$d27 cm$v8 463 1$1001UON00102846$12001 $aNoringyo$fUmemura Mataji$1210 $aTokyo$ctokyo keizai shinposha$d[1966]$1215 $aXX, 258 p.$cill.$d27 cm$v9 606 $aEconomia$xGiappone$3UONC001044$2FI 620 $aJP$dTo?kyo?$3UONL000031 686 $aGIA XII$cGIAPPONE - ECONOMIA$2A 702 0$aOKAWA Kazushi$3UONV040074 702 0$aSHINOHARA Miyohei$3UONV018446 702 0$aUMEMURA Mataji$3UONV040598 712 $aToyo Keizai Shinbosha$3UONV255560$4650 801 $aIT$bSOL$c20250711$gRICA 912 $aUON00063506 996 $aChoki keizai tokei$91210718 997 $aUNIOR